00821nam a22002177a 4500999001700000003000900017008004100026040007100067082001900138100001800157245006300175260002600238300002800264505011100292650002600403650002400429650001500453942001600468945002000484952009900504 c18480d18480AR-CdUCM190514b ||||| |||| 00| 0 spa d aMUNICIPALIDAD PROVINCIAL DEL CUSCOcBIBLIOTECA MUNICIPAL DEL CUSCO a384.985 /bP38 aPeirano, Luis aLa investigación en comunicación social en el Perú / aLima :bDesco,c1982. a182 páginas ;c21 cm. aContenido : Lista de abreviaturas -- Libros, tesis y ensayos -- Algunos artículos de en periódicos ... aInvestigación91940 aPeriódicos923804 aPerú935 2ddccLIBROS arahd2019/05/14 002ddc4070aSHbSHcCARTd2019-05-14g30.00o384.985 / P38pSH0000013467r2019-05-14yLIBROS